[Event "Nizhnij Novgorod Region-ch"]
[Site "Nizhnij Novgorod"]
[Date "2012.10.14"]
[Round "?"]
[White "Chizhevskaja, Yana"]
[Black "Paley, Alexander"]
[Result "1/2-1/2"]
[WhiteElo "1879"]
[BlackElo "2044"]
[PlyCount "50"]
[EventDate "2012.10.06"]
[EventType "swiss"]
[EventRounds "9"]
[EventCountry "RUS"]
[SourceTitle "EXT 2022"]
[Source "ChessBase"]
[SourceDate "2021.10.06"]
[SourceVersion "1"]
[SourceVersionDate "2021.10.06"]
[SourceQuality "1"]

1. e4 e5 2. Nf3 Nc6 3. Nc3 Nf6 4. d4 exd4 5. Nxd4 Bb4 6. Nxc6 bxc6 7. Bd3 d5 8. exd5 Qe7+ 9. Qe2 Qxe2+ 10. Bxe2 cxd5 11. Bb5+ Bd7 12. Bxd7+ Kxd7 13. 0-0 Rhe8 14. Be3 Bxc3 15. bxc3 a6 16. Rfd1 Kc6 17. Kf1 Rab8 18. Rab1 Ne4 19. Rb3 Rb5 20. a4 Rxb3 21. cxb3 a5 22. Rc1 Nc5 23. Rb1 Ne4 24. Rc1 Nc5 25. Rb1 Ne4 1/2-1/2

[Event "Nizhnij Novgorod Region-ch"]
[Site "Nizhnij Novgorod"]
[Date "2012.10.13"]
[Round "?"]
[White "Paley, Alexander"]
[Black "Semenov, Maxim"]
[Result "1-0"]
[WhiteElo "2044"]
[BlackElo "2002"]
[PlyCount "91"]
[EventDate "2012.10.06"]
[EventType "swiss"]
[EventRounds "9"]
[EventCountry "RUS"]
[SourceTitle "EXT 2022"]
[Source "ChessBase"]
[SourceDate "2021.10.06"]
[SourceVersion "1"]
[SourceVersionDate "2021.10.06"]
[SourceQuality "1"]

1. e4 e6 2. d4 d5 3. e5 c5 4. c3 Nc6 5. Nf3 Qb6 6. a3 Bd7 7. b4 cxd4 8. cxd4 Rc8 9. Be3 Nh6 10. Bd3 Ng4 11. 0-0 Nxe3 12. fxe3 Be7 13. Nbd2 f6 14. Nb3 fxe5 15. Nxe5 Nxe5 16. Qh5+ Kd8 17. Qxe5 Bf6 18. Qg3 Qc7 19. Qf3 Qc3 20. Nc5 Rxc5 21. bxc5 Qxd3 22. Qg3 Kc8 23. c6 Bxc6 24. Kh1 Re8 25. Qd6 Qb5 26. Rfc1 Qb6 27. Rab1 Qc7 28. Qc5 a6 29. Qa7 Kd7 30. Rxc6 Kxc6 31. Rc1+ Kd7 32. Rxc7+ Kxc7 33. a4 Rc8 34. Kg1 Be7 35. a5 Rb8 36. Qb6+ Kd7 37. Qb1 h6 38. Qg6 Bf6 39. g4 Kd6 40. Qf7 e5 41. e4 dxe4 42. d5 Rd8 43. Qxb7 Kc5 44. Qxa6 Rxd5 45. Qb6+ Kc4 46. a6 1-0

[Event "Nizhnij Novgorod Region-ch"]
[Site "Nizhnij Novgorod"]
[Date "2012.10.12"]
[Round "?"]
[White "Vlasova, Ekaterina"]
[Black "Paley, Alexander"]
[Result "0-1"]
[WhiteElo "1857"]
[BlackElo "2044"]
[PlyCount "30"]
[EventDate "2012.10.06"]
[EventType "swiss"]
[EventRounds "9"]
[EventCountry "RUS"]
[SourceTitle "EXT 2022"]
[Source "ChessBase"]
[SourceDate "2021.10.06"]
[SourceVersion "1"]
[SourceVersionDate "2021.10.06"]
[SourceQuality "1"]

1. e4 e5 2. Nf3 Nc6 3. Bc4 Nf6 4. Nc3 Be7 5. 0-0 0-0 6. a3 Nxe4 7. Nxe4 d5 8. Bxd5 Qxd5 9. Nc3 Qd6 10. Nb5 Qg6 11. d3 Bg4 12. Kh1 Qh5 13. h3 a6 14. Nc3 Nd4 15. Kh2 Nxf3+ 0-1

[Event "Nizhnij Novgorod Cup of Nadezhda"]
[Site "Nizhnij Novgorod"]
[Date "2011.08.08"]
[Round "?"]
[White "Gorozhanin, Mikhail"]
[Black "Paley, Alexander"]
[Result "0-1"]
[WhiteElo "2193"]
[BlackElo "2030"]
[PlyCount "50"]
[EventDate "2011.08.08"]
[EventType "swiss"]
[EventRounds "8"]
[EventCountry "RUS"]
[SourceTitle "EXT 2022"]
[Source "ChessBase"]
[SourceDate "2021.10.06"]
[SourceVersion "1"]
[SourceVersionDate "2021.10.06"]
[SourceQuality "1"]

1. Nf3 d5 2. c4 e6 3. d4 c6 4. e3 f5 5. Bd3 Nf6 6. 0-0 Bd6 7. b3 Qe7 8. Bb2 0-0 9. Qc1 b6 10. Ba3 c5 11. cxd5 exd5 12. Nc3 a6 13. dxc5 bxc5 14. Na4 Nbd7 15. Bxf5 Ne4 16. Bxd7 Bxd7 17. Qd1 d4 18. exd4 Bg4 19. dxc5 Bxh2+ 20. Kxh2 Rad8 21. Qc2 Bxf3 22. gxf3 Qh4+ 23. Kg2 Qg5+ 24. Kh1 Rf6 25. Qc4+ Kh8 0-1

[Event "Nizhnij Novgorod Dubinin Memorial 18th"]
[Site "Nizhnij Novgorod"]
[Date "2011.01.03"]
[Round "?"]
[White "Belenov, Dmitry N"]
[Black "Paley, Alexander"]
[Result "1-0"]
[WhiteElo "2379"]
[BlackElo "2040"]
[PlyCount "47"]
[EventDate "2011.01.03"]
[EventType "swiss"]
[EventRounds "9"]
[EventCountry "RUS"]
[SourceTitle "EXT 2012"]
[Source "ChessBase"]
[SourceDate "2011.11.24"]
[SourceVersion "1"]
[SourceVersionDate "2011.11.24"]
[SourceQuality "1"]

1. d4 d5 2. c4 e6 3. Nc3 c6 4. e3 f5 5. Bd3 Nf6 6. Bd2 Bd6 7. Qc2 Ne4 8. Bxe4 fxe4 9. f4 Na6 10. a3 0-0 11. Nge2 Bd7 12. 0-0 Rf6 13. Be1 Rh6 14. Bg3 Rc8 15. Qb3 Nc7 16. c5 Be7 17. Qxb7 Bh4 18. Rf2 Rb8 19. Bxh4 Rxh4 20. Qxa7 Rxb2 21. Rb1 Nb5 22. Qb6 Rxb1+ 23. Nxb1 Qa8 24. a4 1-0

[Event "Nizhnij Novgorod Dubinin Memorial 18th"]
[Site "Nizhnij Novgorod"]
[Date "2011.01.03"]
[Round "?"]
[White "Klykov, Viacheslav"]
[Black "Paley, Alexander"]
[Result "0-1"]
[WhiteElo "1794"]
[BlackElo "2040"]
[PlyCount "30"]
[EventDate "2011.01.03"]
[EventType "swiss"]
[EventRounds "9"]
[EventCountry "RUS"]
[SourceTitle "EXT 2012"]
[Source "ChessBase"]
[SourceDate "2011.11.24"]
[SourceVersion "1"]
[SourceVersionDate "2011.11.24"]
[SourceQuality "1"]

1. e4 e5 2. Nf3 Nc6 3. Bb5 a6 4. Ba4 Nf6 5. 0-0 Be7 6. Re1 b5 7. Bb3 0-0 8. d4 d6 9. dxe5 Nxe5 10. Nxe5 dxe5 11. Nc3 Bb7 12. Bg5 c6 13. a3 Qb6 14. a4 Rad8 15. Qe2 b4 0-1

[Event "Nizhnij Novgorod Hope Cup"]
[Site "Nizhnij Novgorod"]
[Date "2010.08.13"]
[Round "4"]
[White "Paley, Alexander"]
[Black "Sukhinin, Anatoly"]
[Result "1/2-1/2"]
[WhiteElo "2098"]
[BlackElo "1937"]
[PlyCount "80"]
[EventDate "2010.08.10"]
[EventType "swiss"]
[EventRounds "7"]
[EventCountry "RUS"]
[SourceTitle "CBM 138 Extra"]
[Source "ChessBase"]
[SourceDate "2010.10.29"]
[SourceVersion "1"]
[SourceVersionDate "2010.10.29"]
[SourceQuality "1"]

1. e4 d5 2. exd5 Nf6 3. d4 Nxd5 4. Nf3 Bg4 5. h3 Bh5 6. c4 Nb6 7. Nc3 e6 8. g4 Bg6 9. Ne5 Be7 10. Bg2 c6 11. 0-0 N8d7 12. Nxg6 hxg6 13. d5 exd5 14. cxd5 Nb8 15. Bf4 cxd5 16. Nxd5 Nxd5 17. Qxd5 Qxd5 18. Bxd5 Nc6 19. Rfe1 Kf8 20. Kg2 g5 21. Bxc6 gxf4 22. Bxb7 Rb8 23. Rac1 Bd8 24. Bc6 g5 25. Re8+ Kg7 26. Rxh8 Kxh8 27. Rd1 Bf6 28. b3 Rc8 29. Bd5 Rd8 30. Kf3 Kg7 31. Rd3 Be5 32. Bc4 Rxd3+ 33. Bxd3 Bd4 34. Bc4 Kf6 35. Ke2 Ke5 36. Bxf7 Bc5 37. Kf3 Be7 38. Bg6 a5 39. Ke2 Kd4 40. Kf3 Ke5 1/2-1/2

[Event "Nizhnij Novgorod Voroniatov Memorial 7t"]
[Site "Nizhnij Novgorod"]
[Date "2010.05.08"]
[Round "7"]
[White "Kozyrev, Daniil"]
[Black "Paley, Alexander"]
[Result "1-0"]
[WhiteElo "2195"]
[BlackElo "2098"]
[PlyCount "45"]
[EventDate "2010.05.02"]
[EventType "swiss"]
[EventRounds "8"]
[EventCountry "RUS"]
[SourceTitle "CBM 136 Extra"]
[Source "ChessBase"]
[SourceDate "2010.07.02"]
[SourceVersion "2"]
[SourceVersionDate "2010.07.15"]
[SourceQuality "1"]

1. d4 d5 2. Nf3 e6 3. g3 f5 4. Bg2 Nf6 5. 0-0 Bd6 6. c4 c6 7. Nc3 0-0 8. cxd5 exd5 9. Bg5 Nbd7 10. Qb3 h6 11. Bf4 Bxf4 12. gxf4 Ne4 13. Rad1 Kh7 14. Ne5 Nxe5 15. dxe5 Qh4 16. e3 Re8 17. Ne2 g5 18. f3 Nc5 19. Qc2 Na6 20. Ng3 gxf4 21. Nxf5 Bxf5 22. Qxf5+ Kh8 23. Qxf4 1-0

[Event "Nizhnij Novgorod Voroniatov Memorial 7t"]
[Site "Nizhnij Novgorod"]
[Date "2010.05.04"]
[Round "3"]
[White "Paley, Alexander"]
[Black "Teterin, Sergey"]
[Result "0-1"]
[WhiteElo "2098"]
[BlackElo "2111"]
[PlyCount "32"]
[EventDate "2010.05.02"]
[EventType "swiss"]
[EventRounds "8"]
[EventCountry "RUS"]
[SourceTitle "CBM 136 Extra"]
[Source "ChessBase"]
[SourceDate "2010.07.02"]
[SourceVersion "2"]
[SourceVersionDate "2010.07.15"]
[SourceQuality "1"]

1. e4 c6 2. d4 d5 3. e5 Bf5 4. Nf3 e6 5. Be2 c5 6. c4 dxc4 7. Bxc4 a6 8. Nc3 Nc6 9. d5 exd5 10. Bxd5 Nge7 11. Bg5 Qb6 12. 0-0 h6 13. Be3 Rd8 14. Bxc6+ Nxc6 15. Nd5 Qa5 16. Bd2 Rxd5 0-1

[Event "Nizhnij Novgorod-ch"]
[Site "Nizhnij Novgorod"]
[Date "2010.03.??"]
[Round "?"]
[White "Paley, Alexander"]
[Black "Marsak, Viktor D"]
[Result "1-0"]
[WhiteElo "2114"]
[BlackElo "2018"]
[PlyCount "59"]
[EventDate "2010.03.13"]
[EventType "swiss"]
[EventRounds "9"]
[EventCountry "RUS"]
[SourceTitle "EXT 2022"]
[Source "ChessBase"]
[SourceDate "2021.10.06"]
[SourceVersion "1"]
[SourceVersionDate "2021.10.06"]
[SourceQuality "1"]

1. e4 e5 2. Nf3 Nc6 3. Bb5 f5 4. Nc3 Nd4 5. Nxe5 Qf6 6. Nf3 Nxb5 7. Nxb5 fxe4 8. Qe2 Qe7 9. Nfd4 d5 10. Qh5+ g6 11. Qxd5 Nf6 12. Qg5 Bg7 13. 0-0 c5 14. Nb3 Bf5 15. d3 exd3 16. Be3 b6 17. Rfe1 0-0-0 18. Bxc5 Qd7 19. Nd6+ Kb8 20. Qf4 Nh5 21. Qb4 Ka8 22. Nxf5 gxf5 23. Bxb6 axb6 24. Qxb6 Rb8 25. Qa5+ Qa7 26. Qxf5 Nf6 27. Na5 Qd7 28. Re6 Rxb2 29. Ra6+ Kb8 30. Qe5+ 1-0

[Event "Nizhnij Novgorod op"]
[Site "Nizhnij Novgorod"]
[Date "2010.??.??"]
[Round "?"]
[White "Grushin, Stanislav"]
[Black "Paley, Alexander"]
[Result "1-0"]
[WhiteElo "1978"]
[BlackElo "2098"]
[PlyCount "43"]
[EventDate "2010.10.02"]
[EventType "swiss"]
[EventRounds "9"]
[EventCountry "RUS"]
[SourceTitle "EXT 2011"]
[Source "ChessBase"]
[SourceDate "2010.11.26"]
[SourceVersion "1"]
[SourceVersionDate "2010.11.26"]
[SourceQuality "1"]

1. Nf3 e6 2. g3 d5 3. Bg2 f5 4. 0-0 Nf6 5. d3 Bd6 6. Nbd2 0-0 7. e4 fxe4 8. dxe4 dxe4 9. Ng5 e3 10. fxe3 e5 11. Nde4 Nc6 12. Nxf6+ gxf6 13. Bd5+ Kg7 14. Nxh7 Rh8 15. Nxf6 Rh6 16. Nh5+ Kh8 17. e4 Rg6 18. Nf6 Kg7 19. Qh5 Qh8 20. Nh7 Nd8 21. Bh6+ Rxh6 22. Rf7+ 1-0

[Event "Nizhnij Novgorod op"]
[Site "Nizhnij Novgorod"]
[Date "2010.??.??"]
[Round "?"]
[White "Paley, Alexander"]
[Black "Podshibikhin, Yuri"]
[Result "0-1"]
[WhiteElo "2098"]
[BlackElo "2061"]
[PlyCount "90"]
[EventDate "2010.10.02"]
[EventType "swiss"]
[EventRounds "9"]
[EventCountry "RUS"]
[SourceTitle "EXT 2011"]
[Source "ChessBase"]
[SourceDate "2010.11.26"]
[SourceVersion "1"]
[SourceVersionDate "2010.11.26"]
[SourceQuality "1"]

1. e4 g6 2. d3 Bg7 3. Nc3 Nc6 4. g3 e5 5. Bg2 d6 6. Be3 Nd4 7. Qd2 Be6 8. Nge2 Qd7 9. h4 h5 10. 0-0 Bh3 11. Bxd4 exd4 12. Bxh3 Qxh3 13. Nb5 Qd7 14. Nbxd4 0-0-0 15. Qa5 Kb8 16. a4 Ne7 17. Rab1 c5 18. Nb5 Nc6 19. Qd2 d5 20. Nbc3 dxe4 21. Nxe4 Qd5 22. Qe3 b6 23. Nf4 Qf5 24. b4 cxb4 25. c3 Rhe8 26. Nd6 Rxe3 27. Nxf5 gxf5 28. fxe3 Bxc3 29. d4 Re8 30. Nd5 Ne7 31. Nxb4 Bxb4 32. Rxb4 Nd5 33. Rb3 Nxe3 34. Re1 f4 35. gxf4 Rg8+ 36. Kh2 Nf5 37. d5 Rg4 38. Rb4 Kc7 39. Re5 Nxh4 40. Re7+ Kd6 41. Rxa7 f5 42. Rh7 Ng6 43. Rxh5 Nxf4 44. Rxb6+ Ke5 45. d6 Nxh5 0-1

[Event "Nizhnij Novgorod op"]
[Site "Nizhnij Novgorod"]
[Date "2010.??.??"]
[Round "?"]
[White "Paley, Alexander"]
[Black "Popov, Nikita"]
[Result "1-0"]
[WhiteElo "2098"]
[BlackElo "1963"]
[PlyCount "45"]
[EventDate "2010.10.02"]
[EventType "swiss"]
[EventRounds "9"]
[EventCountry "RUS"]
[SourceTitle "EXT 2011"]
[Source "ChessBase"]
[SourceDate "2010.11.26"]
[SourceVersion "1"]
[SourceVersionDate "2010.11.26"]
[SourceQuality "1"]

1. e4 c6 2. d4 d5 3. e5 c5 4. dxc5 Nc6 5. Bb5 e6 6. b4 Bd7 7. Bxc6 Bxc6 8. Nf3 a5 9. c3 b6 10. Nd4 Qd7 11. Ba3 bxc5 12. bxc5 Qc7 13. 0-0 Ne7 14. f4 Bd7 15. Nd2 Ng6 16. Kh1 Bxc5 17. Bxc5 Qxc5 18. N2b3 Qc7 19. f5 exf5 20. Nxf5 0-0 21. Qxd5 Be6 22. Qd4 Qxe5 23. Ne7+ 1-0

[Event "Nizhnij Novgorod op"]
[Site "Nizhnij Novgorod"]
[Date "2010.??.??"]
[Round "?"]
[White "Paley, Alexander"]
[Black "Rakov, Alexey Y"]
[Result "1-0"]
[WhiteElo "2098"]
[BlackElo "2042"]
[PlyCount "61"]
[EventDate "2010.10.02"]
[EventType "swiss"]
[EventRounds "9"]
[EventCountry "RUS"]
[SourceTitle "EXT 2011"]
[Source "ChessBase"]
[SourceDate "2010.11.26"]
[SourceVersion "1"]
[SourceVersionDate "2010.11.26"]
[SourceQuality "1"]

1. e4 e6 2. d4 d5 3. e5 c5 4. c3 Nc6 5. Nf3 Qb6 6. a3 c4 7. Nbd2 Na5 8. g3 Bd7 9. Bg2 h6 10. 0-0 0-0-0 11. Re1 f5 12. exf6 gxf6 13. Qc2 Ne7 14. Rb1 Kb8 15. b3 cxb3 16. Nxb3 Ba4 17. Nfd2 Rc8 18. Qa2 e5 19. Nc5 Qc6 20. Qb2 Ng6 21. Qb4 Bxc5 22. dxc5 Bc2 23. Rb2 Bf5 24. Qxa5 Nf4 25. gxf4 Rhg8 26. f3 Bh3 27. Nf1 e4 28. fxe4 Bxg2 29. Rxg2 Rxg2+ 30. Kxg2 dxe4 31. Be3 1-0

[Event "Nizhnij Novgorod op"]
[Site "Nizhnij Novgorod"]
[Date "2010.??.??"]
[Round "?"]
[White "Pristalov, Evgeny"]
[Black "Paley, Alexander"]
[Result "1-0"]
[WhiteElo "1989"]
[BlackElo "2098"]
[PlyCount "39"]
[EventDate "2010.10.02"]
[EventType "swiss"]
[EventRounds "9"]
[EventCountry "RUS"]
[SourceTitle "EXT 2011"]
[Source "ChessBase"]
[SourceDate "2010.11.26"]
[SourceVersion "1"]
[SourceVersionDate "2010.11.26"]
[SourceQuality "1"]

1. e4 e5 2. Nf3 Nc6 3. Bc4 Nf6 4. d3 Be7 5. Nbd2 0-0 6. 0-0 d6 7. c3 Bg4 8. h3 Bh5 9. Re1 Kh8 10. Nf1 d5 11. exd5 Nxd5 12. Ng3 Bg6 13. Bb5 f6 14. d4 Be8 15. Nf5 Nxd4 16. N3xd4 exd4 17. Bc4 Bc6 18. Bxd5 Qxd5 19. Qg4 Rf7 20. Nxe7 1-0

[Event "Nizhnij Novgorod-ch HL"]
[Site "Nizhnij Novgorod"]
[Date "2009.11.14"]
[Round "?"]
[White "Danov, Alexander"]
[Black "Paley, Alexander"]
[Result "0-1"]
[WhiteElo "2264"]
[BlackElo "2062"]
[PlyCount "80"]
[EventDate "2009.11.14"]
[EventType "swiss"]
[EventRounds "9"]
[EventCountry "RUS"]
[SourceTitle "EXT 2022"]
[Source "ChessBase"]
[SourceDate "2021.10.06"]
[SourceVersion "1"]
[SourceVersionDate "2021.10.06"]
[SourceQuality "1"]

1. d4 d5 2. c4 e6 3. Nc3 c6 4. Nf3 dxc4 5. e4 b5 6. e5 Bb4 7. Bd2 Bxc3 8. bxc3 Bb7 9. Ng5 c5 10. Qh5 g6 11. Qg4 h6 12. Ne4 Bxe4 13. Qxe4 Qd5 14. Qf4 g5 15. Qg4 Nc6 16. Be3 0-0-0 17. Be2 cxd4 18. cxd4 Nxd4 19. Bd1 Ne7 20. Rb1 Nef5 21. Bxd4 Qxd4 22. 0-0 Qxg4 23. Bxg4 Nd4 24. Bh5 Rd7 25. f4 Rg8 26. fxg5 Rxg5 27. Bxf7 Rxe5 28. Be8 Rd8 29. Bg6 Re2 30. Rf2 a6 31. a4 Rxf2 32. Kxf2 Nb3 33. axb5 axb5 34. Ke3 Kc7 35. g4 Kb6 36. h4 Kc5 37. Bf7 Rd7 38. Rf1 c3 39. g5 hxg5 40. hxg5 c2 0-1

[Event "Nizhnij Novgorod-ch HL"]
[Site "Nizhnij Novgorod"]
[Date "2009.11.14"]
[Round "?"]
[White "Kotov, Dmitry"]
[Black "Paley, Alexander"]
[Result "1/2-1/2"]
[WhiteElo "2136"]
[BlackElo "2062"]
[PlyCount "74"]
[EventDate "2009.11.14"]
[EventType "swiss"]
[EventRounds "9"]
[EventCountry "RUS"]
[SourceTitle "EXT 2022"]
[Source "ChessBase"]
[SourceDate "2021.10.06"]
[SourceVersion "1"]
[SourceVersionDate "2021.10.06"]
[SourceQuality "1"]

1. e4 e5 2. Nf3 Nc6 3. Bb5 a6 4. Bxc6 dxc6 5. Nc3 f6 6. d4 exd4 7. Nxd4 c5 8. Nde2 Qxd1+ 9. Nxd1 Bd7 10. Bf4 0-0-0 11. Ne3 Bc6 12. f3 Ne7 13. Kf2 Ng6 14. Bg3 Bd6 15. Rad1 Ne5 16. Nf4 g6 17. Ned5 Bxd5 18. Rxd5 Rhe8 19. b3 c4 20. Rhd1 Nc6 21. c3 Ne5 22. Kf1 Kd7 23. R5d2 Ke7 24. Nd5+ Kf7 25. f4 Nd3 26. bxc4 Nc5 27. Nxf6 Kxf6 28. Bh4+ Kf7 29. Bxd8 Nxe4 30. Rd4 Nxc3 31. R1d3 Ne2 32. Rxd6 cxd6 33. Ba5 Re4 34. g3 Nd4 35. Bb6 Nf5 36. Rc3 Ke6 37. Kf2 Kd7 1/2-1/2

[Event "Nizhnij Novgorod-ch HL"]
[Site "Nizhnij Novgorod"]
[Date "2009.11.14"]
[Round "?"]
[White "Paley, Alexander"]
[Black "Pristalov, Evgeny"]
[Result "1-0"]
[WhiteElo "2062"]
[BlackElo "1971"]
[PlyCount "109"]
[EventDate "2009.11.14"]
[EventType "swiss"]
[EventRounds "9"]
[EventCountry "RUS"]
[SourceTitle "EXT 2022"]
[Source "ChessBase"]
[SourceDate "2021.10.06"]
[SourceVersion "1"]
[SourceVersionDate "2021.10.06"]
[SourceQuality "1"]

1. e4 Nf6 2. Nc3 d5 3. exd5 Nxd5 4. d4 Bf5 5. Nxd5 Qxd5 6. Be3 e6 7. Nf3 Nc6 8. Be2 0-0-0 9. 0-0 Be7 10. a3 Bf6 11. c3 Qd7 12. Qa4 Kb8 13. Rfd1 Ne7 14. Bb5 Qc8 15. Ne5 Bxe5 16. dxe5 Rxd1+ 17. Rxd1 a6 18. Bd7 Qf8 19. Qd4 b6 20. g4 Bg6 21. c4 h5 22. c5 Nd5 23. cxb6 cxb6 24. Bc6 Qd8 25. Bxd5 exd5 26. Qxd5 Qxd5 27. Rxd5 hxg4 28. Rd6 Be4 29. Rxb6+ Bb7 30. Rb4 Rd8 31. Kf1 Rd1+ 32. Ke2 Rb1 33. Kd2 Rg1 34. Bf4 Ka7 35. Rd4 Bc6 36. Bg3 Rb1 37. Kc2 Re1 38. Rxg4 g6 39. Rf4 Bd5 40. Rd4 Be6 41. f3 Re2+ 42. Rd2 Rxd2+ 43. Kxd2 a5 44. b4 axb4 45. axb4 Bd5 46. Ke3 Kb7 47. Kf4 Kc6 48. Kg4 Kd7 49. f4 Be4 50. Kg5 Ke6 51. h4 Bf3 52. b5 Be2 53. b6 Bf3 54. f5+ gxf5 55. h5 1-0

[Event "Nizhnij Novgorod Hopes Cup op"]
[Site "Nizhnij Novgorod"]
[Date "2009.08.??"]
[Round "5"]
[White "Karmanova, Marina"]
[Black "Paley, Alexander"]
[Result "1/2-1/2"]
[WhiteElo "1739"]
[BlackElo "2067"]
[PlyCount "58"]
[EventDate "2009.08.10"]
[EventType "swiss"]
[EventRounds "9"]
[EventCountry "RUS"]
[SourceTitle "EXT 2022"]
[Source "ChessBase"]
[SourceDate "2021.10.06"]
[SourceVersion "1"]
[SourceVersionDate "2021.10.06"]
[SourceQuality "1"]

1. c4 e5 2. Nc3 Nf6 3. g3 Bb4 4. Bg2 Nc6 5. a3 Bxc3 6. bxc3 0-0 7. Nf3 d6 8. 0-0 Be6 9. d3 h6 10. Ne1 e4 11. Nc2 Qd7 12. Nd4 Ne5 13. f4 exf3 14. exf3 a5 15. Nc2 Bf5 16. Ne1 Rfe8 17. f4 Bg4 18. Qb3 Nxd3 19. Nxd3 Be2 20. Nf2 Bxf1 21. Bxf1 Qc6 22. Bd2 Qf3 23. Qd1 Qc6 24. Qb3 Qc5 25. Qb5 Qa7 26. Kg2 c6 27. Qf5 Re6 28. Qd3 Rae8 29. Qd4 Qb8 1/2-1/2

[Event "Nizhnij Novgorod Voroniatov Memor 6th"]
[Site "Nizhnij Novgorod"]
[Date "2009.05.??"]
[Round "5"]
[White "Golovin, Leonid"]
[Black "Paley, Alexander"]
[Result "1-0"]
[WhiteElo "2450"]
[BlackElo "2013"]
[PlyCount "29"]
[EventDate "2009.05.03"]
[EventType "swiss"]
[EventRounds "8"]
[EventCountry "RUS"]
[SourceTitle "EXT 2022"]
[Source "ChessBase"]
[SourceDate "2021.10.06"]
[SourceVersion "1"]
[SourceVersionDate "2021.10.06"]
[SourceQuality "1"]

1. Nf3 d5 2. g3 e6 3. Bg2 f5 4. 0-0 Nf6 5. d3 Bd6 6. Nbd2 b6 7. e4 dxe4 8. dxe4 fxe4 9. Ng5 Bb7 10. Ndxe4 Nc6 11. Nxe6 Qe7 12. Re1 Be5 13. Nxf6+ gxf6 14. Qh5+ Kd7 15. Bh3 1-0

[Event "Nizhnij Novgorod-ch 61st"]
[Site "Nizhnij Novgorod"]
[Date "2009.03.??"]
[Round "?"]
[White "Mandrikov, Sergey"]
[Black "Paley, Alexander"]
[Result "0-1"]
[WhiteElo "2083"]
[BlackElo "2007"]
[PlyCount "110"]
[EventDate "2009.03.06"]
[EventType "swiss"]
[EventRounds "9"]
[EventCountry "RUS"]
[SourceTitle "EXT 2010"]
[Source "ChessBase"]
[SourceDate "2010.11.25"]
[SourceVersion "1"]
[SourceVersionDate "2010.11.25"]
[SourceQuality "1"]

1. e4 e5 2. Nf3 Nc6 3. d4 exd4 4. Nxd4 Nf6 5. Nxc6 bxc6 6. e5 Qe7 7. Qe2 Nd5 8. c4 Ba6 9. g3 g5 10. b3 Bg7 11. Bb2 0-0 12. Bg2 Rfe8 13. 0-0 Bxe5 14. Qxe5 Qxe5 15. Bxe5 Rxe5 16. cxd5 Bxf1 17. Kxf1 cxd5 18. Nc3 c6 19. Rd1 Rd8 20. Bf3 f5 21. h3 Kg7 22. Na4 h5 23. Bxh5 Rh8 24. g4 f4 25. Kg2 Rh6 26. h4 gxh4 27. Kf3 Rhe6 28. Nc5 Re7 29. Nd3 Re2 30. a4 h3 31. Nxf4 Rb2 32. Nxh3 Rxb3+ 33. Kg2 Re4 34. f3 Ree3 35. g5 Rb4 36. Kg3 d4 37. Bg4 d6 38. Nf4 Rxa4 39. g6 d3 40. Bf5 Re5 41. Kg4 Kf6 42. Rxd3 Rxf4+ 43. Kxf4 Rxf5+ 44. Kg4 Rd5 45. Rc3 c5 46. Ra3 Kxg6 47. Rxa7 Rg5+ 48. Kf4 Rf5+ 49. Ke4 Re5+ 50. Kf4 Kf6 51. Kg4 Ke6 52. f4 Re1 53. f5+ Kf6 54. Rd7 Re4+ 55. Kf3 Rd4 0-1